Autographen : Autographenauktion - Literatur : Freitag, den 29. Oktober 1993 : Katalog 17 /

Guardado en:
Detalles Bibliográficos
Autor corporativo: Galerie Hassfurther
Formato: Libro
Idioma:Alemán
Publicado: Viena Austria : Galerie Hassfurther, 1993
Etiquetas: Agrega una etiqueta
Sin etiquetas, Sé el primero en etiquetar este registro!

MARC

LEADER 00000nam^a2200000^a^4500
001 000593411
005 20250526000000.0
009 20260310133006.376
037 |a Acervo ITESO - Biblioteca 
041 |a ALE 
091 |a FCO. 04741 
240 1 1 |a [Autographen] 
245 0 0 |a Autographen :  |b Autographenauktion - Literatur : Freitag, den 29. Oktober 1993 : Katalog 17 / 
264 1 |a Viena Austria :  |b Galerie Hassfurther,  |c 1993 
300 |a 136 p. ;  |c 21.0 cm. 
336 |a texto  |b txt  |2 rdacontenido 
337 |a sin mediación  |b n  |2 rdamedio 
338 |a volumen  |b nc  |2 rdasoporte 
649 |a XX 
710 |a Galerie Hassfurther 
910 |a Fondo Erich Coufal Kieswetter 
920 |a Impresos - Libros 
930 |a Libros Antiguos y Raros 
905 |a 142 
901 |a 593411-10  |b IT2  |c LRA  |i D  |u 20250526 
902 |a https://opac.biblio.iteso.mx/vufind/Record/000593411